MARC details
| 000 -LÍDER |
| campo de controle de tamanho fixo |
01272naa a22003137a 4500 |
| 001 - NÚMERO DE CONTROLE |
| campo de controle |
BR0806474 |
| 003 - IDENTIFICADOR DO NÚMERO DE CONTROLE |
| campo de controle |
BR-BrBNA |
| 005 - DATA E HORÁRIO DA ÚLTIMA TRANSAÇÃO |
| campo de controle |
20240918181933.0 |
| 007 - CAMPO FIXO DE DESCRIÇÃO FÍSICA--INFORMAÇÃO GERAL |
| campo de controle de tamanho fixo |
ta |
| 008 - CAMPO DE DADOS FIXOS--INFORMAÇÃO GERAL |
| campo de controle de tamanho fixo |
230509b bl.||||| |||| 00| 0 por d |
| 040 ## - FONTE DA CATALOGAÇÃO |
| Instituição da catalogação original |
BR-BrBNA |
| Idioma da catalogação |
por |
| Instituição que transcreveu o registro |
Biblioteca Nacional de Agricultura |
| 041 ## - CÓDIGO DE IDIOMA |
| Código do idioma do texto/trilha sonora ou título diferente |
(Pt) |
| 072 ## - CÓDIGO DE CATEGORIA DE ASSUNTO |
| Código de Categoria de Assunto |
k10 |
| Código do objeto |
3240 |
| -- |
3140 |
| 090 ## - NÚMERO DE CHAMADA LOCAL |
| Número de chamada |
k10 BR0806474 |
| 100 1# - ENTRADA PRINCIPAL--NOME PESSOAL |
| Nome pessoal |
Michiutti, S. |
| 100 1# - ENTRADA PRINCIPAL--NOME PESSOAL |
| Nome pessoal |
Higa, A.R. |
| 100 1# - ENTRADA PRINCIPAL--NOME PESSOAL |
| Nome pessoal |
Higa, R.C.V. |
| 100 1# - ENTRADA PRINCIPAL--NOME PESSOAL |
| Nome pessoal |
Simon, A.A. |
| 245 1# - TÍTULO |
| Título |
Outras espécies florestais |
| Restante do título |
pt. 9 Florestas cultivadas |
| 260 3# - PUBLICAÇÃO, DISTRIBUIÇÃO, ETC. |
| Local de publicação, distribuição, etc. |
Brasília, DF (Brasil): |
| Data da publicação, distribuição, etc. |
2008. |
| 500 ## - NOTA GERAL |
| Nota geral |
Albuquerque, A.C.S. (ed.); Silva, A.G. da (ed.)<br/>Agricultura tropical; quatro décadas de inovações tecnológicas, institucionais e políticas<br/>Brasília, DF (Brasil): 2008. p. 835-848<br/>(BR0806474-AM)k10<br/> |
| 650 ## - ASSUNTO--TERMO TÓPICO |
| Cabeçalho tópico ou nome geográfico |
PINHEIRO |
| 650 ## - ASSUNTO--TERMO TÓPICO |
| Cabeçalho tópico ou nome geográfico |
EUCALIPTO |
| 650 ## - ASSUNTO--TERMO TÓPICO |
| Cabeçalho tópico ou nome geográfico |
HISTÓRIA |
| 650 ## - ASSUNTO--TERMO TÓPICO |
| Cabeçalho tópico ou nome geográfico |
PLANTIO |
| 773 0# - ENTRADA ANALÍTICA |
| Título |
Agricultura tropical; quatro décadas de inovações tecnológicas, institucionais e políticas |
| Entrada principal |
Albuquerque, A.C.S. (ed.); Silva, A.G. da (ed.). EMBRAPA Informação Tecnológica, Brasília, DF (Brasil) |
| Edição |
|
| Número de controle do registro |
k10 BR0806474 |
| ISBN - International Standard Book Number |
ISBN 978-85-7383-432-1 |
| Partes relacionadas |
Brasília, DF (Brasil), 2008. p. 835-848 |
| 909 ## - |
| -- |
202404 |
| -- |
Lucia |
| -- |
55 |
| -- |
Lucia Elande |
| 942 ## - ELEMENTOS DE ENTRADA ADICIONADOS (KOHA) |
| Tipo de material Koha |
Capítulo-Livro |
| Fonte da classificação ou esquema de arquivamento na estante |
Classificação AGRIS |